000 01516cam a22003254a 4500
001 16053920
005 20250225114407.0
008 100112s2011 nyua b 001 0 eng
020 _a9780071624428 (hardcover : alk. paper)
020 _a0071624422
050 0 0 _aRM300
_b.G644 2011
082 0 0 _a615/.7
_222
245 0 0 _aGoodman & Gilman's pharmacological basis of therapeutics.
_ceditor, Laurence L. Brunton ; associate editors, Bruce A. Chabner, Björn C. Knollmann.
250 _a12th ed. /
_beditor, Laurence L. Brunton ; associate editors, Bruce A. Chabner, Björn C. Knollmann.
260 _aNew York :
_bMcGraw-Hill Medical,
_c2011.
300 _a2084 p. :
_bill. (some col.) ;
_c26 cm. +
_e1 DVD-ROM (4 3/4 in.)
500 _aRev. ed. of: Goodman & Gilman's the pharmacological basis of therapeutics. 11th ed. / editor, Laurence L. Brunton. c2006.
650 0 _aPharmacology.
650 0 _aTherapeutics.
650 1 2 _aPharmacological Phenomena.
650 2 2 _aDrug Therapy.
700 1 _aGoodman, Louis S.
_q(Louis Sanford),
_d1906-2000.
700 1 _aBrunton, Laurence L.
700 1 _aChabner, Bruce.
700 1 _aKnollmann, Björn C.
856 4 2 _3Contributor biographical information
_uhttp://www.loc.gov/catdir/enhancements/fy1011/2010000236-b.html
856 4 2 _3Publisher description
_uhttp://www.loc.gov/catdir/enhancements/fy1011/2010000236-d.html
856 4 1 _3Table of contents only
_uhttp://www.loc.gov/catdir/enhancements/fy1011/2010000236-t.html
942 _2lcc
_cBK
_e12th ed.
_n0
999 _c4301
_d4301